Sports Quiz

Random Sports or Basketball Quiz

NBA Win Streaks: Top Scorers Quiz Stats

 Plays Quiz Updated Jul 20, 2018

Challenge
Share
Tweet
Embed
Score 0/81 Timer 10:00
3 Plays Today
Team (Streak) Player % Correct
2015-16 Golden State Warriors (24 wins)Stephen Curry
97.4%
2014-15 Golden State Warriors (16 wins)Stephen Curry
97.4%
2012-13 Miami Heat (27 wins)LeBron James
96.5%
2012-13 Miami Heat (27 wins)Dwyane Wade
94.8%
1999-00 Los Angeles Lakers (19 wins)Kobe Bryant
94.1%
1999-00 Los Angeles Lakers (16 wins)Kobe Bryant
94.1%
1995-96 Chicago Bulls (18 wins)Michael Jordan
94%
2015-16 Golden State Warriors (24 wins)Klay Thompson
94%
2014-15 Golden State Warriors (16 wins)Klay Thompson
94%
2012-13 Miami Heat (27 wins)Chris Bosh
92.7%
1999-00 Los Angeles Lakers (19 wins)Shaquille O'Neal
92.6%
1999-00 Los Angeles Lakers (16 wins)Shaquille O'Neal
92.6%
2013-14 San Antonio Spurs (19 wins)Tim Duncan
91.9%
2015-16 Golden State Warriors (24 wins)Draymond Green
91.5%
1995-96 Chicago Bulls (18 wins)Scottie Pippen
90.2%
2013-14 San Antonio Spurs (19 wins)Tony Parker
89.7%
1990-91 Los Angeles Lakers (16 wins)Magic Johnson
89.5%
2008-09 Boston Celtics (19 wins)Paul Pierce
89.4%
2017-18 Houston Rockets (17 wins)Chris Paul
89.4%
2008-09 Boston Celtics (19 wins)Kevin Garnett
88.9%
1970-71 Milwaukee Bucks (20 wins)Kareem Abdul-Jabbar
87.3%
1981-82 Boston Celtics (18 wins)Larry Bird
87.3%
1970-71 Milwaukee Bucks (16 wins)Kareem Abdul-Jabbar
87.3%
2008-09 Boston Celtics (19 wins)Ray Allen
86.9%
2006-07 Phoenix Suns (17 wins)Steve Nash
86.5%
2006-07 Dallas Mavericks (17 wins)Dirk Nowitzki
86.1%
2012-13 Los Angeles Clippers (17 wins)Chris Paul
85.4%
Team (Streak) Player % Correct
2012-13 Los Angeles Clippers (17 wins)Blake Griffin
84.6%
2017-18 Houston Rockets (17 wins)James Harden
83.8%
1995-96 San Antonio Spurs (17 wins)David Robinson
81.5%
1971-72 Los Angeles Lakers (33 wins)Jerry West
80.6%
2013-14 San Antonio Spurs (19 wins)Kawhi Leonard
79.8%
2007-08 Houston Rockets (22 wins)Yao Ming
79%
2007-08 Houston Rockets (22 wins)Tracy McGrady
78.5%
2017-18 Boston Celtics (16 wins)Kyrie Irving
77.4%
2017-18 Philadelphia 76ers (16 wins)Ben Simmons
75.7%
2014-15 Altanta Hawks (19 wins)Al Horford
74.7%
2006-07 Phoenix Suns (17 wins)Amar'e Stoudemire
74.2%
2014-15 Altanta Hawks (19 wins)Jeff Teague
70%
1990-91 Portland Trail Blazers (16 wins)Clyde Drexler
67%
2014-15 Altanta Hawks (19 wins)Paul Millsap
65.7%
1970-71 Milwaukee Bucks (20 wins)Oscar Robertson
64.6%
1970-71 Milwaukee Bucks (16 wins)Oscar Robertson
64.6%
2017-18 Boston Celtics (16 wins)Jayson Tatum
63.6%
1990-91 Los Angeles Lakers (16 wins)James Worthy
62.9%
2017-18 Boston Celtics (16 wins)Jaylen Brown
62.8%
1981-82 Boston Celtics (18 wins)Robert Parish
60.4%
2006-07 Phoenix Suns (17 wins)Shawn Marion
59.3%
1959-60 Boston Celtics (17 wins)Bob Cousy
59.3%
2017-18 Philadelphia 76ers (16 wins)J.J. Redick
54.8%
1964-65 Boston Celtics (16 wins)John Havlicek
53.3%
1969-70 New York Knicks (18 wins)Walt Frazier
52.6%
1969-70 New York Knicks (18 wins)Willis Reed
52.3%
1964-65 Boston Celtics (16 wins)Sam Jones
51.9%
Team (Streak) Player % Correct
1995-96 Chicago Bulls (18 wins)Toni Kukoc
49.8%
2017-18 Houston Rockets (17 wins)Clint Capela
49.5%
2012-13 Los Angeles Clippers (17 wins)Jamal Crawford
47.4%
2006-07 Dallas Mavericks (17 wins)Jason Terry
46.6%
2006-07 Dallas Mavericks (17 wins)Josh Howard
33.8%
1990-91 Los Angeles Lakers (16 wins)Byron Scott
33.4%
1971-72 Los Angeles Lakers (33 wins)Gail Goodrich
33.3%
1990-91 Portland Trail Blazers (16 wins)Terry Porter
32.8%
1995-96 San Antonio Spurs (17 wins)Sean Elliott
27.7%
1959-60 Boston Celtics (17 wins)Tom Heinsohn
25.2%
1981-82 Boston Celtics (18 wins)Cedric Maxwell
22.4%
1999-00 Los Angeles Lakers (19 wins)Glen Rice
22.1%
1999-00 Los Angeles Lakers (16 wins)Glen Rice
22.1%
1990-91 Portland Trail Blazers (16 wins)Jerome Kersey
17%
1959-60 Boston Celtics (17 wins)Bill Sharman
15.8%
2017-18 Philadelphia 76ers (16 wins)Marco Belinelli
13.2%
1970-71 Milwaukee Bucks (16 wins)Bob Dandridge
11.6%
2007-08 Houston Rockets (22 wins)Rafer Alston
10.7%
1995-96 San Antonio Spurs (17 wins)Vinny Del Negro
10.5%
2014-15 Golden State Warriors (16 wins)Marreese Speights
10.3%
1964-65 Boston Celtics (16 wins)Tom Sanders
7.9%
1969-70 New York Knicks (18 wins)Dick Barnett
6%
1970-71 Milwaukee Bucks (20 wins)Jon McGlocklin
3.3%
1971-72 Los Angeles Lakers (33 wins)Jim McMillian
2.6%
1946-47 Washington Capitols (17 wins)Bob Feerick
0.7%
1946-47 Washington Capitols (17 wins)Fred Scolari
0.5%
1946-47 Washington Capitols (17 wins)Johnny Norlander
0.4%

You're not logged in!

Compare scores with friends on all Sporcle quizzes.
Join for Free
OR
Log In

You Might Also Like...

Show Comments

Extras

Top Quizzes Today


Score Distribution

Your Account Isn't Verified!

In order to create a playlist on Sporcle, you need to verify the email address you used during registration. Go to your Sporcle Settings to finish the process.

Report this User

Report this user for behavior that violates our Community Guidelines.

Details: